000 00277nam a22001217a 4500
008 181102b xxu||||| |||| 00| 0 eng d
041 _aeng
080 _a101
100 _a24
101 _aFIL
245 _aA Modern Introduction to Philosophy
_cEdwards,P
942 _2udc
_cBK
999 _c51730
_d51730